000 00293nam a2200109Ia 4500
008 201223s9999 xx 000 0 und d
100 _aR de Souza, Teotonio
245 0 _aGoa through the ages Vol. II An economic history
260 _aNew Delhi
_bConcept Publishing
300 _a312
942 _cBK
999 _c8296
_d8296